| 000 | 00460 a2200145 4500 | ||
|---|---|---|---|
| 005 | 20250626145135.0 | ||
| 020 | _a978-1-78254-782-2 | ||
| 082 | _a658.00 HAS | ||
| 245 | _aHandbook of Longitudal Research Methods in Organisation and Business Studies | ||
| 260 |
_aLondon _bEdward Elgar Publishing Limited _c2013. |
||
| 300 |
_axi,362p.: ill.; figures _bIndex _c23cm |
||
| 700 | _aMelanie E. Hassett | ||
| 700 | _aEriikka Paavilainen- Maantymaki | ||
| 942 |
_2ddc _cBKS |
||
| 999 |
_c5410 _d5410 |
||